|
|
|
|
| LEADER |
01280nam a2200361 a 4500 |
| 001 |
35800 |
| 003 |
BD-DhAAL |
| 005 |
20250527113041.0 |
| 008 |
191229t2000 maua 001 0 eng d |
| 010 |
|
|
|a 99011790
|
| 020 |
|
|
|a 0070434867 (softcover)
|
| 020 |
|
|
|a 9780072414028
|
| 020 |
|
|
|a 0072414022
|
| 035 |
|
|
|a (DLC) 99011790
|
| 040 |
|
|
|a DLC
|c DLC
|d DLC
|d BD-DhAAL
|
| 050 |
0 |
0 |
|a PE1408
|b .C537 1999
|
| 082 |
0 |
0 |
|a 808.042
|2 21
|
| 100 |
1 |
|
|a Clouse, Barbara Fine.
|9 38610
|
| 245 |
1 |
4 |
|a The student writer :
|b editor and critic /
|c Barbara Fine Clouse.
|
| 250 |
|
|
|a Fifth edition.
|
| 260 |
|
|
|a Boston :
|b McGraw-Hill,
|c c2000.
|
| 300 |
|
|
|a xxvii, 507 pages :
|b illustrations ;
|c 24 cm.
|
| 500 |
|
|
|a Includes index.
|
| 526 |
|
|
|a BIED
|
| 541 |
|
|
|a Complimentary copy from BIED
|e 35800
|
| 650 |
|
0 |
|a English language
|x Rhetoric.
|9 38611
|
| 650 |
|
0 |
|a Report writing.
|9 38612
|
| 650 |
|
0 |
|a Criticism.
|9 38613
|
| 650 |
|
0 |
|a Editing.
|9 38614
|
| 852 |
|
|
|a Ayesha Abed Library
|c BIED Collection
|
| 942 |
|
|
|2 ddc
|c BK
|
| 999 |
|
|
|c 42101
|d 42101
|
| 952 |
|
|
|0 0
|1 0
|2 ddc
|4 0
|6 808_042000000000000_CLO
|7 0
|9 67553
|a BRACUL
|b BRACUL
|c GEN
|d 2019-12-29
|e Complimentary copy from BIED
|l 2
|m 1
|o 808.042 CLO
|p 3010035800
|r 2022-07-30
|s 2022-07-07
|t 1
|w 2019-12-29
|y BK
|x Transferred from BIED to General Stacks
|